| 000 | 01158nam a22003135a 4500 | ||
|---|---|---|---|
| 999 |
_c27503 _d27474 |
||
| 003 | EG-ScBUE | ||
| 005 | 20210318122048.0 | ||
| 008 | 190601s1997 ii f 000 d eng d | ||
| 020 | _a8174761500 | ||
| 020 | _a9788174761507 | ||
| 040 |
_aEG-ScBUE _beng _erda _cEG-ScBUE _dEG-ScBUE |
||
| 082 | 0 | 4 |
_a822.33 _bSHA _222 |
| 100 | 1 |
_aShakespeare, William, _d1564-1616, _eauthor. _930760 |
|
| 245 | 1 | 4 |
_aThe tempest : _bspecial edition with introduction, detailed notes, scene-wise summary and questions and answers / _cWilliam Shakespeare ; [introduction by] Praveen Bhatia. |
| 250 | _aSpecial edition. | ||
| 264 | 1 |
_aNew Delhi : _bUBS Publisher's Distributors Ltd., _c1997. |
|
| 300 |
_aix, 546 pages ; _c24 cm |
||
| 336 |
_2rdacontent _atext _btxt |
||
| 337 |
_2rdamedia _aunmediated _bn |
||
| 338 |
_2rdacarrier _avolume _bnc |
||
| 650 | 7 |
_aFathers and daughters _vDrama. _2BUEsh |
|
| 650 | 7 |
_aPolitical refugees _vDrama. _2BUEsh |
|
| 650 | 7 |
_aShipwreck victims _vDrama. _2BUEsh |
|
| 651 | _2BUEsh | ||
| 653 |
_bHHUUEENN _bGGEN _cMay2019 |
||
| 655 |
_vReading book _934232 |
||
| 700 | 1 |
_aBhatia, Praveen, _eauthor of introduction, etc. _921007 |
|
| 942 |
_2ddc _cBB |
||